Normal view
MARC view
- قانون الإجراءات الجنائية -- مملكة البحرين -- قانون الإجراءات الجنائية -- الاردن
Entry Topical Term
001 - CONTROL NUMBER
- control field: 53041
003 - CONTROL NUMBER IDENTIFIER
- control field: JO-AjAnu
005 - DATE AND TIME OF LATEST TRANSACTION
- control field: 20230606082720.0
008 - FIXED-LENGTH DATA ELEMENTS
- fixed length control field: 230606|| aca||aabn | a|a d
040 ## - CATALOGING SOURCE
- Original cataloging agency: JO-AjAnu
- Transcribing agency: JO-AjAnu
150 ## - HEADING--TOPICAL TERM
- Topical term or geographic name entry element: قانون الإجراءات الجنائية -- مملكة البحرين -- قانون الإجراءات الجنائية -- الاردن
670 ## - SOURCE DATA FOUND
- Source citation: Work cat.: (JO-AjAnu)27100: البطراوي ، عبد الوهاب عمر , author 53040, شرح قانون الإجراءات الجنائية في القانون البحريني مقارنة بالقانون الأردني